000 00786cam a2200193 4500
001 WB3741-06
008 011031n2001 000 0 eng u
035 _a(Sirsi) u115407
245 _aEnvironmental monitoring
260 _c2001
490 _aDTI Press Release
_v(585) 25 October 2001, (3)
520 _aNew techniques to monitor the environment and provide vital information on natural disasters such as floods and earthquakes have received a boost from government. The latter has announced backing amounting to almost £1m for six new projects to monitor the Earth from space using satellites.
590 _aWB
650 _aSATELLITES
650 _aENVIRONMENTAL MONITORING
650 _aGOVERNMENT FUNDING
690 _aENVIRONMENTAL AND LAND CONSULTANCY
942 _n0
999 _c68727
_d68727